|
|
|
|
| LEADER |
00000nam0a2200000 4500 |
| 001 |
257709 |
| 005 |
20231101233229.0 |
| 020 |
|
|
|a RU
|b 88-1235
|
| 035 |
|
|
|a (RuTPU)RU\TPU\book\280526
|
| 090 |
|
|
|a 257709
|
| 100 |
|
|
|a 20140418d1987 k a0rusy5003 ca
|
| 101 |
0 |
|
|a rus
|
| 102 |
|
|
|a RU
|
| 105 |
|
|
|a y z 001zy
|
| 200 |
1 |
|
|a Хозрасчет в научно-технических организациях машиностроения
|f М. И. Матузон
|
| 210 |
|
|
|a Ленинград
|c Машиностроение
|d 1987
|
| 215 |
|
|
|a 246 с.
|
| 320 |
|
|
|a Библиогр.: с. 244-246 (51 назв.)
|
| 606 |
1 |
|
|a Машиностроение
|2 stltpush
|3 (RuTPU)RU\TPU\subj\41447
|9 85607
|
| 610 |
1 |
|
|a научно-исследовательские институты
|
| 610 |
1 |
|
|a проектные институты
|
| 610 |
1 |
|
|a механизм
|
| 610 |
1 |
|
|a контроль
|
| 610 |
1 |
|
|a машиностроительная промышленность
|
| 610 |
1 |
|
|a хозяйственный расчет
|
| 610 |
1 |
|
|a научно-технические организации
|
| 610 |
1 |
|
|a финансирование
|
| 610 |
1 |
|
|a учет
|
| 610 |
1 |
|
|a анализ
|
| 675 |
|
|
|a 621.002:06
|z rus
|
| 700 |
|
1 |
|a Матузон
|b М. И.
|g Михаил Иссаакович
|4 070
|
| 801 |
|
0 |
|a RU
|b RuMRKP
|c 19950417
|g psbo
|
| 801 |
|
1 |
|a RU
|b 63413507
|c 20140418
|
| 801 |
|
2 |
|a RU
|b 63413507
|c 20141124
|g RCR
|
| 942 |
|
|
|c BK
|